000 00800nam a2200229Ii 4500
003 JO-AjNU
008 230605s9999||||xx |||||||||||||| ||und||
017 _a2006/1/178
020 _a9957-16-144-X
040 _aJO-AjNU
_bara
_erda
_cJO-AjNU
041 _aara
050 1 4 _aKMM272.S58.2007
100 3 _a الشوبكى ، عمر محمد ,
_eauthor
_925736
245 0 0 _aالقضاء الإداري " دراسة مقارنة "
250 _aط1
264 3 1 _aعمان : دار الثقافة ، 2006
300 _a396ص
_bيشتمل على مراجع ببلوغرافية ص ( 382 -388 )
336 _atext
_btxt
_2rdacontent
337 _aunmediated
_bn
_2rdamedia
338 _avolume
_bnc
_2rdacarrier
650 4 _aالقانون الإداري -- المحاكم الإدارية
_925737
999 _aA9665
_c13233
_d13233